Personnages TWDU par image - Statistiques

Statistiques générales
  • Ce quiz a été pris 107 fois
    98 depuis la dernière actualisation
  • Le résultat moyen est 42 sur 100
Statistiques - réponses
Par images Réponse % Correct
Carl Grimes
98%
Rick Grimes
98%
Carol Peletier
95%
Daryl Dixon
94%
Maggie Rhee
94%
Negan Smith
94%
Rosita Espinosa
94%
Morgan Jones
92%
Glenn Rhee
90%
Michonne Grimes
90%
Paul "Jesus" Rovia
90%
Abraham Ford
89%
Lori Grimes
89%
Gabriel Stokes
87%
Judith Grimes
85%
Eugene Porter
84%
Hershel Greene
84%
Juanita "Princesse" Sanchez
84%
Merle Dixon
84%
Andrea Harrison
82%
Sophia Peletier
82%
Alpha
79%
Beth Greene
79%
Dale Horvath
79%
Ezekiel
79%
Beta
77%
Tara Chambler
76%
Aaron
74%
Enid
73%
Connie
69%
Dwight
69%
Philip Blake/Le Gouverneur
66%
Simon
66%
Lydia
61%
Henry
60%
Shiva
60%
Yumiko Okumura
60%
Jadis
56%
Jerry
56%
Magna
56%
Lucille Smith
52%
Siddiq
52%
Hershel Rhee
50%
Gregory
45%
Leah Shaw
45%
RJ Grimes
45%
Alden
40%
Michael Mercer
40%
Spencer Monroe
39%
Elijah
34%
Luke Abrams
34%
Nabila
34%
Axel
31%
Kelly
31%
Madison Clark
31%
Nicholas Clark
31%
Alicia Clark
29%
Pamela Milton
29%
Brandon Carver
24%
Lance Hornsby
24%
Troy Otto
19%
Aiden Monroe
18%
Daniel Salazar
16%
Victor Strand
16%
Sherry
15%
Travis Manawa
15%
John Dorie
13%
June Dorie
13%
Tomichi Okumura
13%
Luciana Gàlvez
11%
Ofelia Salazar
11%
Charlie
10%
Christopher Manawa
10%
Althea Szewczyk-Przygocki
8%
Dakota
8%
Donald Okafor
8%
Grace Mukherjee
8%
Isabelle Carriere
6%
Virginia
6%
Wes
6%
D.J
5%
Elena Reyes
5%
Quinn
5%
Sarah Rabinowitz
5%
Stephane Codron
5%
Wendell Rabinowitz
5%
Emile LaRoux
3%
Jake Otto
3%
Morgan Mukherjee-Jones
3%
Tracy Otto
3%
Finch
2%
Generale Major/Pearl Thorne
2%
Odessa "Dove" Sanderson
2%
Skidmark
2%
Athena Mukherjee
0%
Frank
0%
Isabelle
0%
Klaus
0%
Krennick
0%
Shrike
0%
Aucun quiz correspondant
Distribution des résultats
% des personnes avec chaque résultat
Percentile par nombre de réponses
Votre historique - résultats
Vous n’avez pas pris ce quiz depuis la dernière actualisation